|
|
|
|
| LEADER |
00000cam a2200000 7i4500 |
| 001 |
0000001921 |
| 002 |
000002086 |
| 005 |
20000330.0 |
| 020 |
|
|
|a 9838931438
|
| 090 |
0 |
0 |
|a F
|b SAR
|
| 100 |
0 |
|
|a Sariman Mior Hassan
|
| 245 |
1 |
0 |
|a Perhentian
|c Sariman Mior Hassan
|
| 260 |
|
|
|a Kuala Lumpur :
|b Creative Enterprise ,
|c 1994
|
| 300 |
|
|
|a 252p. :
|b ill ;
|c 18cm.
|
| 650 |
0 |
0 |
|a Romance fiction
|
| 999 |
|
|
|a 035035
|b BUKU
|c FICTION
|e PERPUSTAKAAN KOMUNITI PETALING JAYA
|
| 999 |
|
|
|a 035036
|b BUKU
|c FICTION
|e PERPUSTAKAAN KOMUNITI PETALING JAYA
|
| 999 |
|
|
|a 043392
|b BUKU
|c PINJAMAN
|e PERPUSTAKAAN KOMUNITI PETALING JAYA
|
| 999 |
|
|
|a 043393
|b BUKU
|c PINJAMAN
|e PERPUSTAKAAN KOMUNITI PETALING JAYA
|
| 999 |
|
|
|a 044693
|b BUKU
|c FICTION
|e PERPUSTAKAAN KOMUNITI CAW KOTA DAMANSARA
|
| 999 |
|
|
|a 044694
|b BUKU
|c PINJAMAN
|e PERPUSTAKAAN KOMUNITI CAW KOTA DAMANSARA
|